Bible characters. (Record no. 3744)

000 -LEADER
fixed length control field 00732nam a2200229 a 4500
001 - CONTROL NUMBER
control field :::00001476$&:&@@
003 - CONTROL NUMBER IDENTIFIER
control field OkBaRHE
005 - DATE AND TIME OF LATEST TRANSACTION
control field 20000607103244.0
008 - FIXED-LENGTH DATA ELEMENTS--GENERAL INFORMATION
fixed length control field s1889 j 000 0 eng u
040 ## - CATALOGING SOURCE
Transcribing agency
100 1# - MAIN ENTRY--PERSONAL NAME
Personal name Reade, Charles, 1814-1884.
245 10 - TITLE STATEMENT
Title Bible characters.
260 ## - PUBLICATION, DISTRIBUTION, ETC. (IMPRINT)
Place of publication, distribution, etc New York, NY., :
Name of publisher, distributor, etc Harper & Brothers
Date of publication, distribution, etc c1889
300 ## - PHYSICAL DESCRIPTION
Extent 106 p. ;
Dimensions 18 cm.
650 ## - SUBJECT ADDED ENTRY--TOPICAL TERM
Topical term or geographic name as entry element Bible
General subdivision Biography
650 ## - SUBJECT ADDED ENTRY--TOPICAL TERM
Topical term or geographic name as entry element David, King of Israel
650 ## - SUBJECT ADDED ENTRY--TOPICAL TERM
Topical term or geographic name as entry element Jonah, the Prophet
650 ## - SUBJECT ADDED ENTRY--TOPICAL TERM
Topical term or geographic name as entry element Nehemiah (Governor of Judah)
650 ## - SUBJECT ADDED ENTRY--TOPICAL TERM
Topical term or geographic name as entry element Paul, Saint, apostle
942 ## - ADDED ENTRY ELEMENTS (KOHA)
Source of classification or shelving scheme
Koha item type Books
Copies
Price effective from Lost status Not for loan Full call number Permanent Location Withdrawn status Date checked out Barcode Shelving location Current Location Koha item type Date last seen Date acquired Total Checkouts Damaged status Copy number Source of classification or shelving scheme
2010-04-14  BS 580 .N4R4RHEMA Bible Training College 2010-11-191476General StacksRHEMA Bible Training CollegeBooks2010-12-022010-04-141 1